Event marketing ako efektívny nástroj medzinárodnej marketingovej komunikácie firmy bakalárska práca

Salvato in:
Dettagli Bibliografici
Autore principale: Jakúbková, Lucia
Ente Autore: Obchodná fakulta EU. Katedra medzinárodného obchodu
Altri autori: Vanková, Lucia
Natura: Libro
Lingua:slovacco
Pubblicazione: Bratislava 2015
Tags: Aggiungi Tag
Nessun Tag, puoi essere il primo ad aggiungerne!!

MARC

LEADER 00000nbm a2200000 4500
001 0203187
005 20161212105207.4
041 0 |a slo 
044 |a SK 
245 1 0 |a Event marketing ako efektívny nástroj medzinárodnej marketingovej komunikácie firmy  |b bakalárska práca  |c Lucia Jakúbková ; školiteľ: Lucia Vanková 
264 1 |a Bratislava  |c 2015 
300 |a 53 s. 
100 1 |a Jakúbková, Lucia 
700 1 |a Vanková, Lucia 
710 2 |a Obchodná fakulta EU. Katedra medzinárodného obchodu